| 000 | 00654nam a2200133Ia 4500 | ||
|---|---|---|---|
| 008 | 171212s9999 xx 000 0 und d | ||
| 020 | _a9780874211795 | ||
| 100 | _aIwasaka, Michiko;Toelken, Barre | ||
| 245 |
_cIwasaka, Michiko;Toelken, Barre _aGhosts And The Japanese _bCultural Experience in Japanese Death Legends |
||
| 260 |
_bUniversity Press of Colorado _c1994 |
||
| 650 | _aFolklore -- Japan; Death -- Japan -- Folklore; Death -- Social aspects -- Japan; Legends -- Japan -- History and criticism; Funeral rites and ceremonies -- Japan; Japan -- Social life and customs | ||
| 650 | _aSociology | ||
| 856 | _uwww.jstor.org/stable/10.2307/j.ctt46nrwv | ||
| 999 |
_c353075 _d353075 |
||